000 00612nam a22002417a 4500
001 57603
003 UA-OsUOA
005 20211017220235.0
007 ta
008 20081225b un ||||| |||| 00| 0 ukr d
020 _a5-7793-0937-Х
040 _aUA-OsUOA
_brus
_cUA-OsUOA
_dUA-OsUOA
041 _arus
080 _a94(470+571)
090 _a94(470+571)
_bП27
100 _aПереверзенцев С.
245 _aРоссия: великая судьба
260 _aМ.
_bБелый город
_c2006
300 _a704 с.
650 7 _a94 Історія
_2UDC
942 _cBK
_2udc
955 _a3
999 _c343690
_d343690